Statistics for The Iraq War

Click here to take the quiz!

General Stats

  • This quiz has been taken 7,094 times
  • The average score is 12 of 20

Answer Stats

QuestionAnswer% Correct
Who was the President of the U.S. when the war began?George W. Bush
98%
Who was the dictator of Iraq when the war began?Saddam Hussein
95%
What 2001 event precipated the war, even though it had almost
nothing to do with Iraq?
The 9/11 Attacks
91%
Other than Iraq, who were the other two members of the "Axis of Evil"?Iran
89%
What does the D in WMD stand for?Destruction
85%
Who was Prime Minister of the U.K.?Tony Blair
82%
What bloodthirsty "caliphate" sprung up in northern Iraq in 2014?ISIS
76%
What autonomous region, with its capital at Erbil, was established in northeastern
Iraq after the war?
{Kurd}istan
69%
What term was given to the early bombing campaign?Shock and {Awe}
68%
What did some U.S. congressmen rename "French Fries", in a fit of pique over
France's refusal to support the war effort?
{Freedom} Fries
58%
Other than Iraq, who were the other two members of the "Axis of Evil"?North Korea
57%
What city, starting with the letter F, was a major center for the insurgency?Fallujah
53%
What was the nickname of the International Zone of Baghdad?{Green} Zone
51%
Who was the U.S. Secretary of State, notable for falsely claiming to the U.N.
that Iraq had WMDs?
Colin Powell
48%
Who was the U.S. Secretary of Defense?Donald Rumsfeld
45%
What prison was the site of a scandal involving U.S. abuse of detainees?Abu Ghraib
35%
What was the name of the countries that agreed to support the U.S.?Coalition of the {Willing}
30%
That dictator had two sons. Name either.Uday or Qusay
28%
What company, formerly led by Dick Cheney, got several valuable
government contracts in Iraq?
Halliburton
28%
What was the nickname of Iraq Defense Minister Ali Hassan al-Majid?{Chemical} Ali
25%

Score Distribution

Percentile by Number Answered

Percent of People with Each Score

Your Score History

You have not taken this quiz